Pedagogía 3000: guía práctica para docentes, padres y uno mismo

保存先:
書誌詳細
第一著者: Paymal, Noemi (autora)
フォーマット: 図書
言語:スペイン語
出版事項: Córdoba Brujas 2010
版:2a. ed
主題:
タグ: タグ追加
タグなし, このレコードへの初めてのタグを付けませんか!

MARC

LEADER 00000cam a2200000 a 4500
001 UCG7703
003 CL-VaPUC
008 110905e20100000AG |||||||||||||||||spa|d
020 |a 9789875912250 
082 0 4 |a 370.15  |b PAY  |2 21 
100 |a Paymal, Noemi  |e autora  |9 558221 
245 1 0 |a Pedagogía 3000: guía práctica para docentes, padres y uno mismo 
250 |a 2a. ed 
300 |a 496 p 
942 |c BK 
945 |d 20110905 00:00:00  |a dcastane 
260 |a Córdoba  |b Brujas  |c 2010 
650 0 |a Psicología educacional   |9 307830 
650 0 |a Psicología del niño  |9 307305 
650 0 |a Psicología del adolescente   |9 307864 
650 7 |a COMPORTAMIENTO DEL DOCENTE  |2 CL-VaPUC  |9 339293 
650 7 |a RELACIONES PADRES DOCENTES  |2 CL-VaPUC  |9 339338 
583 |a last modification  |c 20110905 13:21:00  |k Rodrigo Vera 
999 |c 345486  |d 345484 
952 |0 0  |1 0  |4 0  |6 370_150000000000000_PAY_2010  |7 0  |8 A  |9 444260  |a BIBEDU  |b BIBEDU  |d 2019-11-22  |i 479026K  |o 370.15 PAY 2010  |p 479026K  |r 2019-11-22  |w 2019-11-22  |y BK  |k EPE